000 00991cam a2200217 4500
001 WB@3612-404
008 040715n2004 000 0 eng u
035 _a(Sirsi) u126794
245 _aStandard for homes
260 _c2004
490 _aInside Housing
_v21(27) 9 July 2004, 10 (1)
520 _aThe Building Research Establishment has been working on a certification standard for homes built using modern methods since last year. It is now consulting the sector on the detail of the plans to introduce the standard for system-built homes. A series of workshops are being held to receive feedback, before producing a second draft for broader consultation later this month. Companies already involved are the Council of Mortgage Lenders and the National Housing Federation.
590 _aWB
590 _aWB
650 _aSYSTEM BUILT HOUSING
650 _aSTANDARDS
650 _aSOCIAL HOUSING
650 _aHOUSE BUILDING
690 _aHOUSING-DEVELOPMENT
942 _n0
999 _c117709
_d117709